| 000 | 01241nam a22002897a 4500 | ||
|---|---|---|---|
| 005 | 20240530110516.0 | ||
| 008 | 160202s2010 ua g b 000 0 ara d | ||
| 017 |
_a19123 _bمصر . دار الكتب المصرية |
||
| 020 | _a9789773771072 | ||
| 040 | _aEG-CaGPL | ||
| 082 | 0 | 4 |
_221 _a616.203\ _bش أ |
| 100 | 0 | _aشعبان خلف الله | |
| 245 | 1 | 0 |
_aانفلونزا الخنازير : _bطرق التشخيص و الوقاية و العلاج / _cتاليف شعبان خلف الله |
| 250 | _aط1 | ||
| 260 |
_aالقاهرة : _bمجموعة النيل العربية ، _c2010 . |
||
| 300 |
_a217 ص ؛ _c24 سم . |
||
| 504 | _aيشتمل على ارجاعات ببليوجرافية | ||
| 650 | 0 | 4 | _aالانفلونزا |
| 650 | 0 | 4 | _aالانفلونزا الخنازير |
| 650 | 0 | 4 |
_aالانفلونزا الخنازير _xالجوانب الصحية |
| 650 | 0 | 4 |
_aالانفلونزا الخنازير _xلقاحات |
| 650 | 0 | 4 |
_aالانفلونزا الخنازير _xالوقاية |
| 650 | 0 | 4 |
_aالانفلونزا الخنازير _xطرق التشخيص |
| 650 | 0 | 4 |
_aالانفلونزا الخنازير _xطرق العلاج |
| 942 |
_2ddc _cBK |
||
| 999 |
_c61792 _d61792 |
||